| 000 | 00500nam a22001817a 4500 | ||
|---|---|---|---|
| 003 | OSt | ||
| 005 | 20140310182110.0 | ||
| 008 | 130824t xxu||||| |||| 00| 0 eng d | ||
| 020 | _a0451522702 | ||
| 050 |
_aPG 3456 _b.C515 1964 |
||
| 082 |
_aHS 891.723 _b.C41 1964 |
||
| 100 |
_aDunnigan, Ann. _913341 |
||
| 245 |
_aChekhov : the major plays / _c[Anton Chekhov] Ann Dunnigan |
||
| 260 |
_aNew York : _bPenguin Group, _c1964. |
||
| 300 |
_a380 p. : _c18 cm. |
||
| 541 | _j1 | ||
| 942 |
_2lcc _cHS _kPG |
||
| 999 |
_c9364 _d9364 |
||